01061 2200277 4500001002100000005001500021035002000036245005900056100001400115250001000129300003300139260003200172082001000204084001600214020002200230650001900252520038500271990001400656990001400670990001700684990001400701990001700715990001700732990001700749990001700766INLIS00000000000002220210129111940 a0010-01210000141 aKamus 3 Bahasa : Arab, Inggris, Indonesia /cRusdianto0 aRusdianto acet.1 a236hal. :bilus. ;c14x20 cm aYogyakarta :bKaktus,c2018 a492.7 a492.7 RUS k a978-602-52614-2-8 4aKamus 3 Bahasa aBerapa lama waktu yang anda gunakan untuk mencari arti sebuah kata? Kamus Arab-Inggris-Indonesia ini sengaja disusun bagi anda yang ingin cepat mencari sebuah kata dalam kamus. Jadi, waktu belajar anda tidak habis dan terbuang percuma karena kesulitan mencari sebuah kata. Mulai sekarang, gunakan kamus yang praktis untuk membantu anda bisa cepat menemukan kata yang anda maksud. a0059/2019 a0060/2019 a002201900013 a0059/2019 a002201900012 a002201900013 a002201900012 a002201900013